| 000 | 00670nam a2200205Ii 4500 | ||
|---|---|---|---|
| 003 | JO-AjNU | ||
| 008 | 230605s9999||||xx |||||||||||||| ||und|| | ||
| 040 |
_aJO-AjNU _bara _erda _cJO-AjNU |
||
| 041 | _aara | ||
| 050 | 1 | 4 | _aBP193.3 |
| 100 | 3 |
_aعبد العزيز، عبد الله, _eauthor _939144 |
|
| 245 | 0 | 0 | _aمن قتل الحسين رضي الله عنه |
| 250 | _aط2 | ||
| 264 | 3 | 1 | _aالقاهرة: دار الامل ، د.ت |
| 300 |
_a129ص _bمصادر الكتاب ص121-127 |
||
| 336 |
_atext _btxt _2rdacontent |
||
| 337 |
_aunmediated _bn _2rdamedia |
||
| 338 |
_avolume _bnc _2rdacarrier |
||
| 650 | 4 |
_aالشيعة- فرق اسلامية _939145 |
|
| 999 |
_aA16507 _c20075 _d20075 |
||